000 00992nam a2200277Ia 4500
001 ocm38423135
008
020 _a0697239896
049 _aMAIN
_d(14144)
_e(14387)
_f(15293)
_g(14146)
090 _aHF5548.4.M53
100 1 _aErickson, Fritz J.
245 1 0 _aComputers :
_bconcepts, implications, and applications with Microsoft Works 3.0 for Windows /
_cFritz J. Erickson, John A. Vonk.
260 _aDubuque, IA :
_bBusiness and Educational Technologies,
_c1995.
300 _axi, 239, 459 p. :
_bill. (some col.) ;
_c28 cm. +
_e1 computer disk (3 1/2 in.).
500 _aIncludes index.
630 0 0 _aMicrosoft Works for Windows.
630 0 0 _aMicrosoft Windows (Computer file).
650 0 _aIntegrated software.
650 0 _aOperating systems (Computers).
700 1 _aVonk, John A.
907 _a.b10075197
_b18-01-07
_c17-04-03
003
005 20230123133924.0
040 _cNUST
942 _cBOOKS
_kHF5548.4.M53
999 _c156941
_d156941